| 000 | 00701nam a22001817a 4500 | ||
|---|---|---|---|
| 005 | 20241129120706.0 | ||
| 008 | 121124t mx ||||| |||| 00| 0 spa d | ||
| 020 | _a9684190980 | ||
| 050 | 0 | 4 |
_aD16 _bC37 1977 |
| 100 | 1 |
_aCardoso, Ciro F. _q(Ciro Flamarion Santana Cardoso), _b1942- _eautor |
|
| 245 | 1 | 4 |
_aLos métodos de la historia _b : introducción a los problemas, métodos y técnicas de la historia demográfica, económica y social _c / Ciro F. S. Cardoso y H. Pérez Brignoli. |
| 250 | _a1a ed. | ||
| 260 |
_aMéxico : _bGrijalbo, _c1977. |
||
| 300 |
_a438 p. ; _c19 cm. |
||
| 504 | _6Incluye anexos, bibliografía e índice. | ||
| 650 | 7 |
_2lemb _aHistoria _xMetodología |
|
| 942 |
_2lcc _cLIB |
||
| 999 |
_c35246 _d35246 |
||